00274 a2200109 4500001000700000020000600007040001100013100002200024240005700046245005200103362000900155166473 a  cMagnum aThompson, Augusto10aManual de orientacao para preparo de monografialpor10aManual de orientacao para preparo de monografia0 a1899